=LDR 00000nam 2200000 4500 =001 INLIS000000000036384 =005 20130612142156 =008 ***********************************Ind** =035 ##$$0010-061300000036384 =041 ##$$a Ind =082 ##$$a 635.962 =090 ##$$a 635.962, Lin s =100 ##$$a Lingga, Lanny =245 ##$$a Sansevieria, Lanny Lingga =260 ##$$a 2008 $b Jakarta =300 ##$$a 96 hlm, ilus, 23 cm =650 ##$$a Bunga =850 ##$$a NBPNMAT